Central Library OPAC University of Rajshahi

The light of Asia, or, The great renunciation (Mahabhinishkramana) : (Record no. 31286)

MARC details
000 -LEADER
fixed length control field 00897cam a2200241u 4500
001 - CONTROL NUMBER
control field 31286
003 - CONTROL NUMBER IDENTIFIER
rucl marc code BD-RjUL
005 - DATE AND TIME OF LATEST TRANSACTION
control field 20211209051700.0
008 - FIXED-LENGTH DATA ELEMENTS--GENERAL INFORMATION
fixed length control field 140415r18891892enkcf 000 0 eng
035 ## - SYSTEM CONTROL NUMBER
System control number (BD-RjUL)31373
040 ## - CATALOGING SOURCE
Original cataloging agency DLC
Transcribing agency CarP
Modifying agency DLC
-- BD-RjUL
Language of cataloging eng
041 ## - LANGUAGE CODE
Language code of text/sound track or separate title eng
082 ## - DEWEY DECIMAL CLASSIFICATION NUMBER
Classification number 294.3
Author mark and year ARL 1892
100 1# - MAIN ENTRY--PERSONAL NAME
Personal name Arnold, Edwin,
Dates associated with a name 1832-1904.
9 (RLIN) 95207
245 14 - TITLE STATEMENT
Title The light of Asia, or, The great renunciation (Mahabhinishkramana) :
Remainder of title being the life and teaching of Gautama, prince of India and founder of Buddhism (as told in verse by an Indian Buddhist) /
Statement of responsibility, etc. by Edwin Arnold.
250 ## - EDITION STATEMENT
Edition statement new ed.
260 ## - PUBLICATION, DISTRIBUTION, ETC. (IMPRINT)
Place of publication, distribution, etc. London :
Name of publisher, distributor, etc. Kegan Paul,
Date of publication, distribution, etc. 1989 [Print 1892,1895]
300 ## - PHYSICAL DESCRIPTION
Pagination xviii, 240 p. :
Illustrations front. (port.) plates ;
Size 16 cm.
650 #0 - SUBJECT ADDED ENTRY--TOPICAL TERM
Topical term or geographic name as entry element Buddhism
Form subdivision Poetry.
9 (RLIN) 95208
856 41 - ELECTRONIC LOCATION AND ACCESS
Uniform Resource Identifier <a href="http://hdl.loc.gov/loc.gdc/scd0001.00143870212">http://hdl.loc.gov/loc.gdc/scd0001.00143870212</a>
942 ## - ADDED ENTRY ELEMENTS (KOHA)
Source of classification or shelving scheme Dewey Decimal Classification
Koha item type Books
Holdings
Lost status Source of classification or shelving scheme Damaged status Not for loan Collection code Permanent Location Current Location Shelving location Date acquired Source of acquisition Cost, normal purchase price Total Checkouts Full call number Date last seen Copy number Koha item type
  Dewey Decimal Classification   Not For Loan Rare Books Central Library, University of Rajshahi Central Library, University of Rajshahi Rare Book Section 31/08/1979 Heffers 10.00   RA 294.3 ARL 1895 15/04/2014 C-1 Rare Books
  Dewey Decimal Classification   Not For Loan Rare Books Central Library, University of Rajshahi Central Library, University of Rajshahi Rare Book Section 26/04/2014       RA 294.3 ARL 1892 26/04/2014 C-2 Rare Books